Ansys,Inc. Installation Guide for Windows (Record no. 562954)

000 -LEADER
fixed length control field 00344nam a2200121Ia 4500
008 - FIXED-LENGTH DATA ELEMENTS--GENERAL INFORMATION
fixed length control field 210430s9999 xx 000 0 und d
082 ## - DEWEY DECIMAL CLASSIFICATION NUMBER
Classification number 005.2768 A617 A
100 ## - MAIN ENTRY--PERSONAL NAME
Personal name Ansys, Inc
9 (RLIN) 128955
245 ## - TITLE STATEMENT
Title Ansys,Inc. Installation Guide for Windows
Statement of responsibility, etc. Ansys, Inc
260 ## - PUBLICATION, DISTRIBUTION, ETC.
Place of publication, distribution, etc. Photo chopy
Name of publisher, distributor, etc. Published in USA
Date of publication, distribution, etc. 2007
300 ## - PHYSICAL DESCRIPTION
Extent 74P
942 ## - ADDED ENTRY ELEMENTS (KOHA)
Koha item type Book
Source of classification or shelving scheme
Holdings
Withdrawn status Lost status Source of classification or shelving scheme Damaged status Not for loan Permanent Location Current Location Shelving location Date acquired Full call number Barcode Date last seen Price effective from Koha item type
          School of Chemical & Materials Engineering (SCME) School of Chemical & Materials Engineering (SCME) General Stacks   005.2768 A617 A SCME-1839 04/30/2021 04/30/2021 Book
© 2023 Central Library, National University of Sciences and Technology. All Rights Reserved.